01376naa a2200205 i 45000010005000000030009000050050017000140080039000310400021000700800017000911000124001082450185002325000021004175200242004386500031006806500019007116500016007307000132007467730292008783597KOSZ 00520180220104438.0150206s2008 pl n f |000 0pol cBPKdKOSZ 005/EG a621.791/.7951 aBORKOWSKI, Józef.d1996 - .bPolitechnika Koszalińska - Centrum Niekonwencjonalnych Technologii Hydrostrumieniowych10aPrzydatność wysokociśnieniowej strugi cieczy z biomateriałami ziarnistymi do stosowania w chirurgii ortopedycznej /cJózef Borkowski, Przemysław Borkowski, Janusz Cwanek. aDane z autopsji. aW artykule omówiono najistotniejsze zagadnienia stosowania wysokociśnieniowej strugi cieczy jako potencjalnego narzędzia chirurgicznego. Przedstawiono oryginalną metodykę badań, a także część przykładowych wyników. 0aObróbka wodno-ścierna. 0aBiomateriały. 0a Ortopedia.1 aBORKOWSKI, Przemysław.d1996 - 2013.bPolitechnika Koszalińska - Centrum Niekonwencjonalnych Technologii Hydrostrumieniowych0 iW :tWysokociśnieniowe technologie hydrostrumieniowe / pod red. Józefa A. Borkowskiego, Przemysława J. Borkowskiego. -dKoszalin : Wydaw. Uczelniane Politechniki Koszalińskiej, 2008. -gs. 345-354kMonografia / Instytut Niekonwencjonalnych Technologii Hydrostrumieniowych ; nr 154